The Circuits and Filters Handbook (Record no. 296793)

000 -LEADER
fixed length control field 00260 a2200121 4500
001 - CONTROL NUMBER
control field 61720
082 ## - DEWEY DECIMAL CLASSIFICATION NUMBER
Classification number 621.3815 CHE
090 ## - LOCALLY ASSIGNED LC-TYPE CALL NUMBER (OCLC); LOCAL CALL NUMBER (RLIN)
-- 37134
-- 37134
100 ## - MAIN ENTRY--PERSONAL NAME
Personal name Chen W.k
245 ## - TITLE STATEMENT
Title The Circuits and Filters Handbook
260 ## - PUBLICATION, DISTRIBUTION, ETC.
Place of publication, distribution, etc. USA
Name of publisher, distributor, etc. PH
300 ## - PHYSICAL DESCRIPTION
Extent 845
942 ## - ADDED ENTRY ELEMENTS (KOHA)
Institution code [OBSOLETE] 621.3815
Call number prefix 621.3815 CHE
Holdings
Withdrawn status Lost status Damaged status Not for loan Collection code Permanent Location Current Location Date acquired Total Checkouts Full call number Barcode Date last seen Price effective from Koha item type
          College of Aeronautical Engineering (CAE) College of Aeronautical Engineering (CAE) 04/03/2017   621.3815 CHE CAEG-3885 04/05/2017 04/05/2017 Book
© 2023 Central Library, National University of Sciences and Technology. All Rights Reserved.